|
|
|
|
| LEADER |
00000cam a2200000 7i4500 |
| 001 |
0000069021 |
| 005 |
20101102093000.0 |
| 008 |
100829s2005 enk eng |
| 020 |
|
|
|a 185233522X (alk. paper)
|
| 020 |
|
|
|a 9781852335229 (alk. paper)
|
| 050 |
0 |
0 |
|a RD593
|b .N4172 2005
|
| 060 |
1 |
0 |
|a WL 368
|b N495 2005
|
| 090 |
0 |
0 |
|a WL 368
|b N495 2005
|
| 245 |
0 |
0 |
|a Neurosurgery :
|b principles and practice
|c Anne J. Moore and David W. Newell (eds)
|
| 260 |
|
|
|a London ;
|a New York :
|b Springer ,
|c c2005
|
| 300 |
|
|
|a xvi, 687 p. :
|b ill. ;
|c 26 cm.
|
| 490 |
0 |
|
|a Springer specialist surgery series
|
| 504 |
|
|
|a Includes bibliographical references and index
|
| 505 |
0 |
|
|a 1. Investigations -- 2. Perioperative care -- 3. Techniques -- 4. Tumors -- 5. Vascular -- 6. Trauma -- 7. Hydrocephalus -- 8. Pediatrics -- 9. Spine -- 10. Peripheral and cranial nerves -- 11. Functional neurosurgery -- 12. Infection
|
| 650 |
|
0 |
|a Nervous system
|x Surgery
|
| 650 |
1 |
2 |
|a Neurosurgery
|
| 650 |
1 |
2 |
|a Neurosurgical Procedures
|
| 700 |
1 |
|
|a Moore, Anne J. ,
|d 1958- ,
|e author
|
| 700 |
1 |
|
|a Newell, David W. ,
|e author
|
| 856 |
4 |
1 |
|3 Table of contents only
|u http://www.loc.gov/catdir/enhancements/fy0816/2003054444-t.html
|
| 856 |
4 |
2 |
|3 Publisher description
|u http://www.loc.gov/catdir/enhancements/fy0662/2003054444-d.html
|
| 999 |
|
|
|a 1000133422
|b Book
|c OPEN SHELF (30 DAYS)
|e Medical Campus
|
| 999 |
|
|
|a 1000133423
|b Book
|c OPEN SHELF (30 DAYS)
|e Medical Campus
|